| 000 | 00675nam a2200217Ia 4500 | ||
|---|---|---|---|
| 001 | 5703 | ||
| 003 | GE_BSU | ||
| 008 | 181216s||||||||xx |||||||||||||| ||und|| | ||
| 040 | _cGE_BSU | ||
| 080 | _a517.2)(075.8) | ||
| 100 | _aБерман,Г.Н. | ||
| 245 | _aСборник задач по курсу математического анализа | ||
| 245 | _bУчебное пособиедля студ вузов | ||
| 250 | _aИзд. 16-ое | ||
| 260 | _aМосква | ||
| 260 | _bНаука | ||
| 260 | _c1977 | ||
| 300 | _a416с.. 22см. | ||
| 653 | _aСборник задач по курсу математического анализа | ||
| 942 | _cBK | ||
| 999 |
_c39122 _d39122 |
||